Philadelphia 76ers All-Time Starting 5 - Statistics

General Stats
  • This quiz has been taken 540 times
  • The average score is 5 of 7
Answer Stats
Position Player % Correct
SG Allen Iverson
95%
SF Julius Erving
85%
C Wilt Chamberlain
78%
6th Man Moses Malone
71%
PF Charles Barkley
64%
PG Maurice Cheeks
42%
Coach Billy Cunningham
25%
No matching quizzes found
Score Distribution
Percent of People with Each Score
Percentile by Number Answered
Your Score History
You have not taken this quiz